Manual of paper chromatography and paper electrophoresis (Record no. 24694)

MARC details
000 -LEADER
fixed length control field 00399nam a2200145Ia 4500
082 ## - DEWEY DECIMAL CLASSIFICATION NUMBER
Classification number 543.544
Item number BLO
100 ## - MAIN ENTRY--AUTHOR NAME
Personal name Block, Richard J
245 #0 - TITLE STATEMENT
Title Manual of paper chromatography and paper electrophoresis
250 ## - EDITION STATEMENT
Edition statement Ed.2
260 ## - PUBLICATION, DISTRIBUTION, ETC. (IMPRINT)
Place of publication New York
Name of publisher Academic
Year of publication 1958
650 ## - SUBJECT ADDED ENTRY--TOPICAL TERM
Topical Term Paper chromatogrpahy
650 ## - SUBJECT ADDED ENTRY--TOPICAL TERM
Topical Term Paper electrophoresis
942 ## - ADDED ENTRY ELEMENTS (KOHA)
Koha item type Books
Holdings
Withdrawn status Lost status Damaged status Not for loan Home library Current library Date acquired Cost, normal purchase price Full call number Accession Number Koha item type
        RRII Library RRII Library 16/12/2021 50.00 543.544 BLO 05368 Books